000 00513nam a22001817a 4500
999 _c64703
_d64700
082 _aR/6IT15
100 _aSyed Wali Ullah Shah
100 _aRoll No. 15BS(IT)62
100 _aSupervisor -
245 _aSchool E Care Portal
260 _aNawabshah
_bQUEST
_c2019
300 _a60p
700 _aMoiz Abbasi (Roll No. 15BS(IT)01)
700 _aSyeda Nudrat Shah (Roll No. 15BS(IT)46)
700 _aNoor Nabi Memon (Roll No. 15BS(IT)60)
700 _aHaseeb Rehman (Roll No. 15BS(IT)38)
942 _cTHESIS